Catálogo de la Biblioteca Horacio González - Universidad Nacional de General Sarmiento

Las aguas bajan turbias (Registro nro. 54454)

Detalles MARC
000 -CABECERA
campo de control de longitud fija 02293ngm a22003610a 4500
001 - NÚMERO DE CONTROL
campo de control PT13382
003 - IDENTIFICADOR DEL NÚMERO DE CONTROL
campo de control AR-LpoUNG
005 - FECHA Y HORA DE LA ÚLTIMA TRANSACCIÓN
campo de control 20210202000242.0
007 - CAMPO FIJO DE DESCRIPCIÓN FÍSICA--INFORMACIÓN GENERAL
campo de control de longitud fija vd cvaizq
008 - DATOS DE LONGITUD FIJA--INFORMACIÓN GENERAL
campo de control de longitud fija 191001s1952||||ag |||||||||||||||||spa d
037 ## - FUENTE DE ADQUISICIÓN
Condiciones de disponibilidad $5
040 ## - FUENTE DE LA CATALOGACIÓN
Centro catalogador/agencia de origen AR-LpoUNG
Lengua de catalogación spa
Centro/agencia transcriptor AR-LpoUNG
Normas de descripción aacr
041 ## - CÓDIGO DE LENGUA
Código de lengua del texto/banda sonora o título independiente spa
044 ## - CÓDIGO DEL PAÍS DE LA ENTIDAD EDITORA/PRODUCTORA
Código MARC del país ag
082 0# - NÚMERO DE LA CLASIFICACIÓN DECIMAL DEWEY
Número de clasificación 982.062 317ag
100 1# - ENTRADA PRINCIPAL--NOMBRE DE PERSONA
Nombre de persona Carril, Hugo del
Término indicativo de función/relación dir.
245 14 - MENCIÓN DE TÍTULO
Título Las aguas bajan turbias
260 ## - PUBLICACIÓN, DISTRIBUCIÓN, ETC.
Lugar de publicación, distribución, etc. Buenos Aires :
Nombre del editor, distribuidor, etc. Solo para Coleccionistas,
Fecha de publicación, distribución, etc. 1952.
300 ## - DESCRIPCIÓN FÍSICA
Extensión VHS (85 min.) : son., col.
505 0# - NOTA DE CONTENIDO CON FORMATO
Nota de contenido con formato Guión: Eduardo Borrás ; fotografía: José María Beltrán ; música: Tito Riberomús ; montaje: Gerardo Rinaldi ; producción: Lina C. de Machinandiarena. - Con la actuación de Hugo del Carril y Adriana Benetti.
520 ## - SUMARIO, ETC.
Sumario, etc. El 9 de octubre de 1952 se estrena en el Gran Rex Las aguas bajan turbias, filme que consagra a Hugo del Carril como uno de los más importantes directores del cine argentino. La película describe la explotación de los mensúes en los yerbatales del Alto Paraná y está basada en la novela El río oscuro, de Alfredo Varela, quien no aparece en los créditos de la película por razones de censura política. El protagonista fue, además, el mismo Hugo del Carril, en elenco que incluyó a Adriana Benetti, Raúl del Valle, Herminia Franco y Gloria Ferrandiz. Para Raúl Manrupe y María Alejandra Portela, en su Diccionario de films argentinos, es una obra fundamental de la cinematografía argentina y entre los contados ejemplos de cine con compromiso social dentro del peronismo. A partir de una novela de autor comunista (en la cárcel al momento del rodaje) Del Carril creó una película donde la fuerza, el vigor y lo sensual de la narración potencian la idea que se transmite y llega con pasión. Su planteo comercial y el tono declamatorio no afectan la nobleza y el poder visual único en ésta, la película definitiva de su director. Filmación parcial en Oberá (Misiones).
650 #4 - PUNTO DE ACCESO ADICIONAL DE MATERIA--TÉRMINO DE MATERIA
Término de materia o nombre geográfico como elemento de entrada ASALARIADOS
650 #4 - PUNTO DE ACCESO ADICIONAL DE MATERIA--TÉRMINO DE MATERIA
Término de materia o nombre geográfico como elemento de entrada ASPECTOS POLITICOS
650 #4 - PUNTO DE ACCESO ADICIONAL DE MATERIA--TÉRMINO DE MATERIA
Término de materia o nombre geográfico como elemento de entrada CONDICIONES DE TRABAJO
650 #4 - PUNTO DE ACCESO ADICIONAL DE MATERIA--TÉRMINO DE MATERIA
Término de materia o nombre geográfico como elemento de entrada PROBLEMAS SOCIALES
650 #4 - PUNTO DE ACCESO ADICIONAL DE MATERIA--TÉRMINO DE MATERIA
Término de materia o nombre geográfico como elemento de entrada TRABAJADORES
650 #4 - PUNTO DE ACCESO ADICIONAL DE MATERIA--TÉRMINO DE MATERIA
Término de materia o nombre geográfico como elemento de entrada TRABAJADORES RURALES
650 #4 - PUNTO DE ACCESO ADICIONAL DE MATERIA--TÉRMINO DE MATERIA
Término de materia o nombre geográfico como elemento de entrada TRABAJO
653 ## - TÉRMINO DE INDIZACIÓN--NO CONTROLADO
Término no controlado CINE ARGENTINO
653 ## - TÉRMINO DE INDIZACIÓN--NO CONTROLADO
Término no controlado VIDEOS
905 ## - ELEMENTOS DE DATOS E LOCAL, LDE (RLIN)
a 13382
942 ## - ELEMENTOS DE PUNTO DE ACCESO ADICIONAL (KOHA)
Tipo de ítem Koha Video
Existencias
Estado de retiro Estado de pérdida Estado dañado No para préstamo Código de colección Localización permanente Ubicación/localización actual Fecha de adquisición Total de préstamos Signatura topográfica completa Código de barras Fecha visto por última vez Precio válido a partir de Tipo de ítem Koha
        Colección Cine Biblioteca Universidad Nacional de General Sarmiento Biblioteca Universidad Nacional de General Sarmiento 02/02/2021   982.062 317ag 00012446 02/02/2021 02/02/2021 Video